00501nam a22001937a 450000500170000001000110001702000100002803500110003803700160004904000120006508200170007710000210009424500710011526000360018627000150022230000200023765000270025765000230028420170124110007.0 a416531 c00.00 a416531 bCen Lib/Ret aDPLbEN a350.954bSHA aSharma, Shri Ram aEducation of public administration in india /cby Shri Ram Sharma  aAllahabad bCentral Book Depot  bAllahabad  a412p.c20cm(Hb) aPublic administration  aEducation zIndia